ՀՀ Գիտությունների ազգային ակադեմիայի հիմնարար գիտական գրադարան  =   Fundamental Scientific Library of NAS RA

Առաջնորդ լուսաշաւիղ ճանապարհին յաւիտենական կենաց : (Record no. 174128)

MARC details
000 -LEADER
fixed length control field 01015nam a2200193 a 4500
003 - CONTROL NUMBER IDENTIFIER
control field AM-YeHGA
005 - DATE AND TIME OF LATEST TRANSACTION
control field 20250618072545.0
008 - FIXED-LENGTH DATA ELEMENTS--GENERAL INFORMATION
fixed length control field 060216s1864 ai 000 | arm d
040 ## - CATALOGING SOURCE
Original cataloging agency AM-YeHGA
041 0# - LANGUAGE CODE
Language code of text/sound track or separate title arm
090 ## - LOCALLY ASSIGNED LC-TYPE CALL NUMBER (OCLC); LOCAL CALL NUMBER (RLIN)
-- 175569
100 0# - MAIN ENTRY--PERSONAL NAME
Personal name Մատթէոս,
Titles and words associated with a name Կաթողիկոս
9 (RLIN) 5331
245 10 - TITLE STATEMENT
Title Առաջնորդ լուսաշաւիղ ճանապարհին յաւիտենական կենաց :
Remainder of title Յօրինեալ ի յորդոր մանկանց ուղղափառ սուրբ եկեղեցւոյ առ ի բարուոք ընթանալ հասանել յերանաւետ ժառանգութիւն փառաց երկնից արքայութեան /
Statement of responsibility, etc. Մատթէոս 2-րդ Կաթողիկոս Ամենայն Հայոց.
260 ## - PUBLICATION, DISTRIBUTION, ETC.
Place of publication, distribution, etc. Էջմիածին :
Name of publisher, distributor, etc. տպ. Ս. Էջմիածնի,
Date of publication, distribution, etc. 1864.
300 ## - PHYSICAL DESCRIPTION
Extent Ա-Դ, 169 էջ ;
Dimensions 20 սմ.
650 14 - SUBJECT ADDED ENTRY--TOPICAL TERM
Topical term or geographic name entry element Աստվածաբանություն
856 41 - ELECTRONIC LOCATION AND ACCESS
Uniform Resource Identifier <a href="http://greenstone.flib.sci.am/gsdl/collect/haygirq/book/arajnord_1864.pdf">http://greenstone.flib.sci.am/gsdl/collect/haygirq/book/arajnord_1864.pdf</a>
Link text Կարդալ առցանց
942 ## - ADDED ENTRY ELEMENTS (KOHA)
Source of classification or shelving scheme Universal Decimal Classification
Koha item type Գրքեր / Books
Holdings
Withdrawn status Lost status Damaged status Not for loan Collection Home library Current library Date acquired Total checkouts Full call number Barcode Date last seen Price effective from Koha item type Public note
        General Fundamental Scientific Library Fundamental Scientific Library 28/12/2016   AII/2691 FL0027785 28/12/2016 28/12/2016 Գրքեր / Books 30 Days Loan


ՀՀ ԳԱԱ հիմնարար գիտական գրադարան
ՀՀ,Երևան 0019
Մարշալ Բաղրամյան 24/6
հեռախոս:(374-10) 52-47-50
Հետադարձ կապ

All site content, except where otherwise noted, is licensed under a
Creative Commons License